Dohľad nad auditom v Slovenskej republike diplomová práca

Na minha lista:
Detalhes bibliográficos
Autor principal: Výboch, Michal
Autor Corporativo: Fakulta hospodárskej informatiky EU. Katedra účtovníctva a audítorstva
Outros Autores: Gedeon, Milan, 1993-
Formato: Livro
Idioma:eslovaco
Publicado em: Bratislava 2023
Tags: Adicionar Tag
Sem tags, seja o primeiro a adicionar uma tag!

MARC

LEADER 00000nbm a2200000 4500
001 0294153
005 20240209095831.8
041 0 |a slo 
044 |a SK 
245 1 0 |a Dohľad nad auditom v Slovenskej republike  |b diplomová práca  |c Michal Výboch ; školiteľ: Milan Gedeon 
264 1 |a Bratislava  |c 2023 
300 |a 73 s. 
100 1 |a Výboch, Michal 
700 1 |a Gedeon, Milan, 1993- 
710 2 |a Fakulta hospodárskej informatiky EU. Katedra účtovníctva a audítorstva